| 000 | 01487nam a2200385 i 4500 | ||
|---|---|---|---|
| 001 | 197096 | ||
| 003 | ES-MaACL | ||
| 005 | 20250822050255.0 | ||
| 008 | 250403s1995 sp | ||| ||spa | ||
| 016 | 7 |
_abimoBNE19950177791 _2SpMaBN |
|
| 017 |
_aM 6236-1995 _bOficina Depósito Legal Madrid |
||
| 020 | _a8403597037 | ||
| 035 | _a(OCoLC)733438483 | ||
| 035 | _a(SpMaBN)bimo0000443320 | ||
| 040 |
_aSpMaBN _bspa _cSpMaBN _erdc |
||
| 080 | _a796.332 Valdano, Jorge | ||
| 100 | 1 |
_aMartín, Carmelo _9239999 _eaut |
|
| 245 | 1 | 0 |
_aJorge Valdano, sueños de fútbol : _bretorno de un campeón del mundo al vértigo de la competición / _cCarmelo Martín. |
| 250 | _aCuarta edición: marzo 1995 | ||
| 260 |
_a[Madrid] : _bAguilar, _c1994. |
||
| 300 |
_a179 páginas, [32] páginas de láminas ; _c24 cm |
||
| 336 |
_2rdacontent _atexto |
||
| 337 |
_2rdamedia _asin mediación |
||
| 338 |
_2rdacarrier _avolumen |
||
| 490 | 1 | _aVisto y leído | |
| 504 | _aBibliografía: páginas 175-179 | ||
| 600 | 1 | 0 |
_aValdano, Jorge, _d1955- _2embne _9240000 |
| 650 | 7 |
_aFútbol _2embne _913019 |
|
| 852 |
_aES-MaACL _cDEPOJ _jN-10470 _hDonación: José Lázaro García _xEncuadernación rústica con solapas _9206593 |
||
| 903 |
_9234219 _aLázaro García, José _ednr |
||
| 942 |
_cMONOGRAFIA _n0 |
||
| 999 |
_c197096 _d197096 |
||